| 000 | 00644nam a2200229 a 4500 | ||
|---|---|---|---|
| 001 | nice12345678 | ||
| 003 | IN_TiNIC | ||
| 005 | 20260116015035.0 | ||
| 008 | 050524s1997 gena grp 000 0 eng | ||
| 020 |
_a _c100 |
||
| 082 | 0 | 0 |
_a261.2 _bLUT |
| 245 |
_aTheological Perspectives on Other Faiths _b Toward a Christia Theology of Rel |
||
| 260 |
_aGeneva _bLutheran World Federation _c1997 |
||
| 300 | _a292p | ||
| 500 | _aincludes index and biblioraphy | ||
| 505 | 2 | _aLWF Documentation No.41 | |
| 650 | _aChristianity and Other Religions | ||
| 710 | 2 | _aLuthean World Federation | |
| 902 | _bSRS | ||
| 942 | _cBK | ||
| 999 |
_c18062 _d18062 |
||